008210000a22001930004500090001400000245011900014650003500133650003100168650003200199650003400231651003500265653004500300041001300345100002900358942001300387773003200400999001500432952018000447 aARb0059010aPast, present, and future of manatees in the southeastern United States: realities, misunderstandings, and enigmas14aMamíferos acuáticos99327414aDensidad poblacional9757614aCausas de mortalidad99367014aEspecies en extinción94653 4dFloridapEstados Unidos992749 gTrichechuseTrichechus manatusvmanatí0 aInglés1 aO'Shea, Thomas J.993277 cARTICULO1 tPreprint33q184-204d1988? c9682d9682 001040718HEMEROTECAaBogotabBogotad2015-02-27eMuñoz Saba, YanethhFuera de circulaciónl0oAR 00590p010903r2015-03-25 00:00:00t1w2015-03-25xDonaciónyARTICULO